00704 a2200181 4500010001400000020002200014035001300036037002000049082001300069100004400082245017700126246005700303250001100360260004200371270006000413300002000473650002900493 aTML-30347 a8123410697c20.00 aTM-28583 bD.B.Act / pub / a894.8114 aபோத்திரெட்டி a பாரதியார் சுதேசமித்திரன் கட்டுரைகள் மீளாய்வுcby போத்திரெட்டி aBharathiyar sudesamitran katturaigalbby Pothi Reddy a1st ed aChennaibNew Century Book Housec2006 a41b, Sidco Indusrial estate , AmbatturbChennaie600098 aviii, 54pc22cm aTamil LiteraturexEssays